Managerial Accounting (Record no. 41408)

MARC details
000 -LEADER
fixed length control field 00330nam a2200133Ia 4500
008 - FIXED-LENGTH DATA ELEMENTS--GENERAL INFORMATION
fixed length control field 240719s9999 xx 000 0 und d
041 ## - LANGUAGE CODE
Language code of text/sound track or separate title eng
082 ## - DEWEY DECIMAL CLASSIFICATION NUMBER
Classification number 657 JIA
100 ## - MAIN ENTRY--PERSONAL NAME
Personal name Jiambalvo, James
245 ## - TITLE STATEMENT
Title Managerial Accounting
250 ## - EDITION STATEMENT
Edition statement (7th Ed.)
260 ## - PUBLICATION, DISTRIBUTION, ETC.
Place of publication, distribution, etc. New Delhi
Name of publisher, distributor, etc. Wiley
Date of publication, distribution, etc. 2022
520 ## - SUMMARY, ETC.
Summary, etc. Gifted By : IMT Faculty
Holdings
Withdrawn status Lost status Damaged status Not for loan Home library Current library Shelving location Date acquired Total Checkouts Full call number Barcode Date last seen Price effective from Koha item type Public note
        IMTN IMTN Rack 20-A 07/18/2023   657 JIA 33103 07/19/2024 07/19/2024 Books Gifted
Designed & Maintained by: LRC IMT Nagpur Contact: lrc@imtnag.ac.in© 2024. All Rights Reserved.